<?xml version="1.0" encoding="UTF-8"?>
<record
    xmlns:xsi="http://www.w3.org/2001/XMLSchema-instance"
    xsi:schemaLocation="http://www.loc.gov/MARC21/slim http://www.loc.gov/standards/marcxml/schema/MARC21slim.xsd"
    xmlns="http://www.loc.gov/MARC21/slim">

  <leader>00707nam a22001457a 4500</leader>
  <controlfield tag="003">LRUA</controlfield>
  <controlfield tag="005">20220614152131.0</controlfield>
  <controlfield tag="008">220614b        xxu||||| |||| 00| 0 eng d</controlfield>
  <datafield tag="040" ind1=" " ind2=" ">
    <subfield code="c">rua </subfield>
  </datafield>
  <datafield tag="082" ind1=" " ind2=" ">
    <subfield code="2">MGR LEN 2014 B429 Or,</subfield>
  </datafield>
  <datafield tag="100" ind1=" " ind2=" ">
    <subfield code="9">15010</subfield>
    <subfield code="a">LENG SOTHEA,&#x17A1;&#x17B9;&#x1784;&#x200B; &#x179F;&#x17BB;&#x1792;&#x17B6;</subfield>
  </datafield>
  <datafield tag="245" ind1=" " ind2=" ">
    <subfield code="a">&#x178A;&#x17C6;&#x178E;&#x17BE;&#x179A;&#x1780;&#x179A;&#x17A2;&#x1793;&#x17BB;&#x179C;&#x178F;&#x17D2;&#x178F;&#x1793;&#x17CF;&#x1782;&#x17C4;&#x179B;&#x1793;&#x1799;&#x17C4;&#x1794;&#x17B6;&#x1799;&#x179C;&#x1798;&#x1787;&#x17D2;&#x1783;&#x1780;&#x17B6;&#x179A;&#x200B;&#x1793;&#x17B7;&#x1784;&#x179C;&#x179F;&#x17A0;&#x1798;&#x1787;&#x17D2;&#x1783;&#x1780;&#x17B6;&#x179A;&#x200B; &#x1793;&#x17C5;&#x179F;&#x17D2;&#x179A;&#x17BB;&#x1780;&#x178F;&#x17D2;&#x179A;&#x17B6;&#x17C6;&#x1780;&#x1780;&#x17CB; &#x1781;&#x17C1;&#x178F;&#x17D2;&#x178F;&#x200B;&#x178F;&#x17B6;&#x1780;&#x17C2;&#x179C;.the proecss and progress of the implementatiom of decentralization and deconcentralization in tramkak district,takeo province.</subfield>
  </datafield>
  <datafield tag="260" ind1=" " ind2=" ">
    <subfield code="a">phnom penh </subfield>
    <subfield code="b">rua </subfield>
    <subfield code="c">2014</subfield>
  </datafield>
  <datafield tag="942" ind1=" " ind2=" ">
    <subfield code="2">ddc</subfield>
    <subfield code="c">NRM</subfield>
  </datafield>
  <datafield tag="999" ind1=" " ind2=" ">
    <subfield code="c">20231</subfield>
    <subfield code="d">20231</subfield>
  </datafield>
</record>
